000
00263nam a2200133Ia 4500
100
_a
Bach/G.L.
942
_c
BK
654
_a
Economics
245
_a
Economics
260
_b
Prentice-hall
_a
New Jersey
_c
1974
300
_a
712
546
_a
ENGLISH
999
_c
19903
_d
19903